Pocket check list of timber trees

Bibliographic Details
Main Author: WYATT-SMITH
Other Authors: KOCHUMMEN
Format: Book
Published: Lumpur : Forest Research Institute Malaysia , 1979
Edition:3rd ed.
Series:Malayan forest records; n. 17
Subjects:

MARC

LEADER 00000cam a2200000 7i4500
001 0000000817
005 20140503.0
090 0 0 |a 634.909595   |b WYA 1979 
100 1 0 |a WYATT-SMITH   |h J. 
245 1 0 |a Pocket check list of timber trees   |c by J. Wyatt-Smith   |f second revision by K. M. Kochummen 
250 0 0 |a 3rd ed. 
260 0 0 |a Lumpur :   |b Forest Research Institute Malaysia ,   |c 1979 
300 |a viii, 362 p. :   |b ill. ;   |c 19 cm. 
440 0 0 |a Malayan forest records; n. 17 
650 0 0 |a Timber   |z Malaysia   |x Handbooks, manuals,etc. 
700 0 1 |a KOCHUMMEN   |h K. M. 
998 |a JPSM 
999 |a 0000001833   |b Monograph   |c Reference   |e Default branch 
999 |a 0000002298   |b Monograph   |c Open Shelf   |e Default branch